000 00315nam a2200121Ia 4500
005 20260328101528.0
008 260328s9999||||xx |||||||||||||| ||und||
100 _aWright, Frank Lloyd
245 4 _aThe Architectural Forum January 1938 /
_cFrank Lloyd Wright
300 _a75 p.
650 _aARQUITECTOS
942 _cBK
999 _c9861
_d9861